Pays avec le plus grand nombre d'îles - Statistiques

Statistiques générales
  • Ce quiz a été pris 224 fois
  • Le résultat moyen est 14 sur 20
Statistiques - réponses
Nombre d'îles Pays % Correct
18 617 États-Unis
93%
52 455 Canada
90%
18 307 Indonésie
90%
14 125 Japon
90%
12 000 Russie
89%
5 000 Chine
87%
8 222 Australie
84%
239 057 Norvège
79%
221 831 Suède
78%
40 000 Finlande
74%
7 641 Philippines
74%
1 419 Danemark
66%
5 000 Chili
63%
1 430 Thaïlande
61%
3 054 Grèce
60%
4 400 Corée du sud
52%
4 000 Viêt-Nam
50%
3 579 Corée du Nord
36%
4 195 Cuba
22%
1 520 Estonie
15%
Aucun quiz correspondant
Distribution des résultats
% des personnes avec chaque résultat
Percentile par nombre de réponses
Votre historique - résultats
Vous n’avez pas pris ce quiz